000 00252nam a2200097Ia 4500
005 20251222114408.0
008 251222s1900||||xx |||||||||||||| ||spa||
082 _aDVD0040/G74/2006/Ej.2
245 0 _aPiratas del Caribe: el cofre de la muerte:
942 _cDVD
999 _c1932
_d1932